Catàleg del Col·legi de Periodistes de Catalunya

Don't blame the people (Registre núm. 788)

000 -CABECERA
Longitud fija campo de control 00690nam a2200217 a 4500
001 - NÚMERO DE CONTROL
Número de control 788
003 - IDENTIFICADOR DEL NÚMERO DE CONTROL
Identificador del número de control CDMR
005 - FECHA Y HORA DE LA ÚLTIMA TRANSACCIÓN
Fecha y hora de la última transacción 20131121124140.0
008 - CÓDIGOS DE INFORMACIÓN DE LONGITUD FIJA
Códigos de información de longitud fija 130130s1971||||||||||||||||||||||||||||d
020 ## - NÚMERO INTERNACIONAL NORMALIZADO PARA LIBROS
Número Internacional Normalizado para Libros (ISBN) 0394717880
040 ## - FUENTE DE LA CATALOGACIÓN
Centro catalogador de origen CDMR
Lengua de catalogación cat
Centro transcriptor CDMR
100 1# - PUNTO DE ACCESO PRINCIPAL-NOMBRE DE PERSONA
Nombre de persona Cirino, Robert
9 (RLIN) 618
245 10 - MENCIÓN DE TÍTULO
Título Don't blame the people
Mención de responsabilidad, etc. Robert Cirino
260 ## - PUBLICACIÓN, DISTRIBUCIÓN, ETC. (PIE DE IMPRENTA)
Lugar de publicación, distribución, etc. New York
Fecha de publicación, distribución, etc. 1971
Nombre del editor, distribuidor, etc. Vintage Books
300 ## - DESCRIPCIÓN FÍSICA
Extensión 339 p.
500 ## - NOTA GENERAL
Nota general A la coberta: How the news media use bias, distortion and censorship to manipulate public opinion
650 04 - PUNTO DE ACCESO ADICIONAL DE MATERIA - TÉRMINO DE MATERIA
9 (RLIN) 3243
Término de materia o nombre geográfico como elemento inicial Mitjans de comunicació de massa
Subdivisión de materia general Manipulació
650 04 - PUNTO DE ACCESO ADICIONAL DE MATERIA - TÉRMINO DE MATERIA
9 (RLIN) 2537
Término de materia o nombre geográfico como elemento inicial Opinió pública
650 04 - PUNTO DE ACCESO ADICIONAL DE MATERIA - TÉRMINO DE MATERIA
9 (RLIN) 4097
Término de materia o nombre geográfico como elemento inicial Anàlisi de contingut (Comunicació)
942 ## - ENTRADA DE ELEMENTOS AGREGADOS (KOHA)
Koha [por defecto] tipo de item Monografies
Fuente de clasificaión o esquema
Fons
Suprimido Perdido Estropeado No para préstamo Localización permanente Localización actual Fecha adquisición Signatura completa Código de barras Fecha última consulta Fecha del precio de reemplazo Tipo de item de Koha
        Centre de Documentació Montserrat Roig Centre de Documentació Montserrat Roig 2013-01-16 Ck 3/15 CDMR13119972 2013-01-16 2013-01-16 Monografies

Implantat amb Koha